00481nam a2200157Ia 45000030006000000080041000060400015000471000014000622450039000762600040001155460012001559420012001679990015001790050017001949520112002110STCL150530s9999 xx 000 0 und d aSTCLcSTCL aHull, E.R aGetting into touch with the church bIndian catholic truth societyc1927 aEnglish 2ddccBK c5289d528920220125165410.0 00102ddc4070aSTCALbSTCALcGENd2015-05-30g3.00l0o270-36p47986r2015-05-30 00:00:00w2015-05-30yBK